Vplyv vybraných faktorov na vývoj automobilového priemyslu na Slovensku

Podčiarknutie dôležitosti komplexného prístupu, ktorý integruje riadenie pracovnej sily, dokonalosť služieb a stratégie, zamerané na zákazníka s cieľom podporiť udržateľný rast a konkurenčnú výhodu v rozvíjajúcom sa automobilovom sektore na Slovensku.

Guardado en:
Detalles Bibliográficos
Autor principal: Kudlová, Zuzana, 1986-
Formato: Capítulo de libro
Lenguaje:inglés
Materias:
Etiquetas: Agregar Etiqueta
Sin Etiquetas, Sea el primero en etiquetar este registro!

MARC

LEADER 00000naa a2200000 4500
001 0306059
005 20250120085604.1
041 0 |a eng 
044 |a SK 
245 1 0 |a Vplyv vybraných faktorov na vývoj automobilového priemyslu na Slovensku  |c Zuzana Kudlová 
520 |a Podčiarknutie dôležitosti komplexného prístupu, ktorý integruje riadenie pracovnej sily, dokonalosť služieb a stratégie, zamerané na zákazníka s cieľom podporiť udržateľný rast a konkurenčnú výhodu v rozvíjajúcom sa automobilovom sektore na Slovensku. 
610 2 0 |a priemysel automobilový 
610 2 0 |a zákazníci 
610 2 0 |a mzdy 
610 2 0 |a mzdy priemerné 
610 2 0 |a zdroje ľudské 
610 2 0 |a vývoj 
100 1 |a Kudlová, Zuzana, 1986-